Evaluating the performance of polymeric roofing materials with thermal analysis (Record no. 58886)
[ view plain ]
| 000 -LEADER | |
|---|---|
| fixed length control field | 00422nam a2200157Ia 4500 |
| 100 ## - MAIN ENTRY--AUTHOR NAME | |
| Personal name | ParoliR M |
| 245 #0 - TITLE STATEMENT | |
| Title | Evaluating the performance of polymeric roofing materials with thermal analysis |
| 260 ## - PUBLICATION, DISTRIBUTION, ETC. (IMPRINT) | |
| Name of publisher | Rubber World |
| Year of publication | 1996 |
| 300 ## - PHYSICAL DESCRIPTION | |
| Number of Pages | 27-32 |
| 650 ## - SUBJECT ADDED ENTRY--TOPICAL TERM | |
| Topical Term | EPDM |
| 650 ## - SUBJECT ADDED ENTRY--TOPICAL TERM | |
| Topical Term | Polymeric roofing |
| 650 ## - SUBJECT ADDED ENTRY--TOPICAL TERM | |
| Topical Term | Thermal analysis |
| 700 ## - ADDED ENTRY--PERSONAL NAME | |
| Personal name | Delgado A H |
| 942 ## - ADDED ENTRY ELEMENTS (KOHA) | |
| Koha item type | Journals |
| Withdrawn status | Lost status | Damaged status | Not for loan | Home library | Current library | Shelving location | Date acquired | Serial Enumeration / chronology | Koha item type |
|---|---|---|---|---|---|---|---|---|---|
| Journals | RRII Library | RRII Library | Rubber chemistry | 17/12/2021 | Volume 214, Issue 4 | Journals |